All Wyoming Cities on a Map - Statistics

General Stats
  • This quiz has been taken 21 times
  • The average score is 24 of 193
Answers on the Map
Answers color-coded by a green-red scale on the quiz's map according to % correct below.
 
Answer Stats
City Population % Correct
Casper 58,823
100%
Cheyenne 65,704
100%
Jackson 10,680
94%
Laramie 32,957
81%
Cody 10,391
75%
Gillette 33,846
75%
Green River 11,474
69%
Rock Springs 22,967
69%
Sheridan 19,813
69%
Thermopolis 2,748
69%
Evanston 11,691
63%
Lander 7,451
63%
Buffalo 4,655
50%
Rawlins 7,952
50%
Riverton 10,953
50%
Big Horn 7
38%
Douglas 6,442
31%
Sundance 1,123
31%
Torrington 6,211
31%
Afton 2,280
25%
Evansville 2,837
25%
Garland 135
25%
Ten Sleep 262
25%
Worland 4,765
25%
Cokeville 490
19%
East Thermopolis 232
19%
Elk Mountain 148
19%
Greybull 1,715
19%
Hanna 660
19%
Mammoth 50
19%
Manderson 89
19%
Meeteetse 316
19%
Newcastle 3,354
19%
Pinedale 2,005
19%
Powell 6,551
19%
Saratoga 1,760
19%
Wheatland 3,475
19%
Albin 162
13%
Alpine 1,360
13%
Baggs 407
13%
Bar Nunn 3,019
13%
Basin 1,337
13%
Burlington 379
13%
Byron 577
13%
Centennial 364
13%
Dayton 829
13%
Deaver 171
13%
Dubois 989
13%
Encampment 444
13%
Fort Bridger 193
13%
Fort Laramie 222
13%
Fort Washakie 1,345
13%
Frannie 146
13%
Hoback 1,609
13%
Hulett 341
13%
Kemmerer 2,378
13%
Lovell 2,366
13%
Lusk 1,401
13%
Lyman 2,191
13%
Medicine Bow 238
13%
Mills 4,584
13%
Moorcroft 1,025
13%
Mountain View 1,268
13%
Pine Bluffs 1,111
13%
Ranchester 1,176
13%
Shell 34
13%
Shoshoni 500
13%
Smoot 745
13%
Star Valley Ranch 2,041
13%
Wamsutter 197
13%
Wilson 1,255
13%
Albany 17
6%
Alpine Northeast 343
6%
Alta 656
6%
Arapahoe 1,460
6%
Arlington 11
6%
Atlantic City 27
6%
Bairoil 66
6%
Big Piney 390
6%
Bondurant 98
6%
Boulder Flats 470
6%
Burns 379
6%
Chugwater 169
6%
Cora 72
6%
Cowley 859
6%
Crowheart 135
6%
Daniel 148
6%
Eden 287
6%
Edgerton 155
6%
Ethete 1,438
6%
Farson 185
6%
Fontenelle 18
6%
Fox Farm-College 4,224
6%
Fox Park 6
6%
Freedom 169
6%
Glendo 238
6%
Granger 97
6%
Grover 1,046
6%
Guernsey 1,094
6%
Hawk Springs 59
6%
Hillsdale 49
6%
Hudson 436
6%
Huntley 14
6%
Hyattville 38
6%
Johnstown 227
6%
Kaycee 283
6%
Kelly 254
6%
Kirby 75
6%
La Barge 395
6%
La Grange 378
6%
Little America 19
6%
Lost Springs 4
6%
Midwest 291
6%
Nordic 273
6%
North Rock Springs 2,338
6%
Pavillion 229
6%
Point of Rocks 9
6%
Rafter J Ranch 1,202
6%
Ralston 128
6%
Ranchettes 6,389
6%
Reliance 400
6%
Riverside 66
6%
Robertson 78
6%
Rock River 224
6%
Ryan Park 29
6%
Sinclair 361
6%
South Greeley 4,596
6%
South Park 2,021
6%
Story 1,174
6%
Superior 183
6%
Teton Village 999
6%
Thayne 432
6%
Turnerville 415
6%
Upton 900
6%
Woods Landing-Jelm 139
6%
Alcova 88
0%
Alpine Northwest 276
0%
Arrowhead Springs 37
0%
Arvada 9
0%
Auburn 286
0%
Bear River 521
0%
Bedford 410
0%
Bessemer Bend 119
0%
Brookhurst 96
0%
Casper Mountain 628
0%
Chugcreek 129
0%
Clearmont 124
0%
Clearview Acres 236
0%
Diamondville 517
0%
Dixon 74
0%
El Rancho 24
0%
Esterbrook 35
0%
Fairview 97
0%
Glenrock 2,412
0%
Hartrandt 1,005
0%
Hartville 68
0%
Hill View Heights 249
0%
Homa Hills 260
0%
James Town 447
0%
Lakeview North 53
0%
Lance Creek 47
0%
Lingle 398
0%
Lonetree 29
0%
Lucerne 466
0%
Manville 91
0%
Marbleton 845
0%
McKinnon 53
0%
Meadow Acres 138
0%
Moose Wilson Road 1,380
0%
Oakley 87
0%
Opal 64
0%
Orin 24
0%
Osage 91
0%
Osmond 1,270
0%
Parkman 396
0%
Pine Haven 565
0%
Powder Horn 818
0%
Purple Sage 676
0%
Red Butte 799
0%
Rolling Hills 426
0%
Slater 65
0%
Sleepy Hollow 1,812
0%
Taylor 132
0%
Urie 136
0%
Van Tassell 22
0%
Vista West 917
0%
Warren AFB 2,734
0%
Washam 183
0%
Westview Circle 117
0%
Whiting 52
0%
Wright 1,660
0%
Yoder 133
0%
Y-O Ranch 334
0%
No matching quizzes found
Score Distribution
Percent of People with Each Score
Percentile by Number Answered
Your Score History
You have not taken this quiz